书目信息 |
| 题名: |
朝鲜前期与明建州女真关系研究
|
|
| 作者: | 王臻 著 | |
| 分册: | ||
| 出版信息: | 北京 中国文史出版社 2005 |
|
| 页数: | 278页 | |
| 开本: | 21cm | |
| 丛书名: | 当代学者人文论丛 | |
| 单 册: | ||
| 中图分类: | K312.07 | |
| 科图分类: | ||
| 主题词: | 建州女真--中朝关系--国际关系史--研究--中国 , 东亚--历史 | |
| 电子资源: | ||
| ISBN: | 7-5034-1679-3 | |
| 000 | 01087nam0 2200337 450 | |
| 000 | 01050nam0 2200325 450 | |
| 000 | 00988nam0 2200313 450 | |
| 000 | 00934nam0 2200289 450 | |
| 000 | 00952nam0 2200277 450 | |
| 000 | 00915nam0 2200265 45 | |
| 001 | TS2006030121 | |
| 005 | 20061225170927.50 | |
| 010 | @a7-5034-1679-3@dCNY24.80 | |
| 100 | @a20060829d2005 emky0chiy0120 ea | |
| 101 | 0 | @achi |
| 102 | @aCN@b110000 | |
| 105 | @ay a 000yy | |
| 200 | 1 | @a朝鲜前期与明建州女真关系研究@AChao Xian Qian Qi Yu Ming Jian Zhou Nu^ Zhen Guan Xi Yan Jiu@f王臻著@FWang Zhen Zhu |
| 210 | @a北京@c中国文史出版社@d2005 | |
| 215 | @a278页@d21cm | |
| 225 | 2 | @a当代学者人文论丛 |
| 320 | @a有书目: 第265-276页 | |
| 410 | 0 | @12001 @a当代学者人文论丛 |
| 606 | 0 | @a建州女真@x中朝关系@x国际关系史@x研究@y中国 |
| 606 | 0 | @a东亚@x历史 |
| 690 | @aK312.07@v4 | |
| 701 | 0 | @a王臻@AWang Zhen@4著 |
| 801 | 0 | @aCN@b中图数据@c20061225 |
| 905 | @a10447@dK312.07@e6 | |
| 朝鲜前期与明建州女真关系研究/王臻著.-北京:中国文史出版社,2005 |
| 278页;21cm.-(当代学者人文论丛) |
| ISBN 7-5034-1679-3:CNY24.80 |
| ● |
| 相关链接 |
|
|
|
|
正题名:朝鲜前期与明建州女真关系研究
索取号:K312.07/6
 
预约/预借
| 序号 | 登录号 | 条形码 | 馆藏地/架位号 | 状态 | 备注 |
| 1 | 0617826 | 206178269 | 第二样本阅览室/ [索取号:K312.07/6] | 在馆 | |
| 2 | 0617827 | 206178278 | 第二借阅区/ [索取号:K312.07/6] | 在馆 | |
| 3 | 0617828 | 206178287 | 第二借阅区/ [索取号:K312.07/6] | 在馆 | |
| 4 | 0617829 | 206178296 | 第二借阅区/ [索取号:K312.07/6] | 在馆 | |
| 5 | 0617830 | 206178303 | 第二借阅区/ [索取号:K312.07/6] | 在馆 |